000 00467cam a22001934a 4500
005 20250605164304.0
008 250528s ||||||||||||||||||||||||d
035 _a22206
020 _a9789605720278
040 _aGR-AtMCL
_bgre
_dGR-AtMCL
_eAACR2
245 1 _aΑΝΑΠΟΔΑ
250 _a2
260 _bΙκαρος,
_c2015
300 _a30
700 1 _aΠαπαϊωαννου Θοδωρης
_98073
942 _cBK
999 _c7262
_d7262